| 000 | 00520cam a22001937a 4500 | ||
|---|---|---|---|
| 001 | 3529065 | ||
| 003 | OSt | ||
| 005 | 20150722160404.0 | ||
| 008 | 960118s1994 slv spa | ||
| 040 |
_aDLC _cBMC |
||
| 082 | _a808.0687284 | ||
| 100 | 1 |
_aEscamilla, Manuel Luis _99128 |
|
| 245 | 1 | 0 |
_aMi hoja y yo _b: cuentos de realidad y fantasía _cManuel Luis Escamilla |
| 250 | _a1ª ed | ||
| 260 |
_aSan Salvador _bUMLE _c1994 |
||
| 300 |
_a77 p. _c23 cm |
||
| 650 | 2 | 4 |
_929639 _aCuentos salvadoreños |
| 942 |
_2ddc _cBK |
||
| 999 |
_c21303 _d21303 |
||